| 000 | 00414nam a2200181Ia 4500 | ||
|---|---|---|---|
| 005 | 20250423101709.0 | ||
| 008 | 250422s9999 xx 000 0 und d | ||
| 020 | _a9780282607531 | ||
| 050 | _aTC 801 .I83/ | ||
| 100 | _aBowman, Isaiah | ||
| 245 | 0 | _aWell-drilling methods | |
| 260 | _aWashington | ||
| 260 | _bForgotten Books | ||
| 260 | _c2017 | ||
| 300 | _a139 p | ||
| 650 | _a Wells | ||
| 942 | _cBK | ||
| 999 |
_c37009 _d37009 |
||